000
00229nam a2200097Ia 4500
008
170619s9999 xx 000 0 und d
100
_a
Gold- Ben
245
0
_a
Speech and Audio Signal Processing
260
_b
Wiley-India
260
_c
2007
546
_a
ENGLISH
999
_c
20500
_d
20500